[Event "EU-Cup 38th"]
[Site "Durres"]
[Date "2023.10.05"]
[Round "5.6"]
[White "Petersson, Kjell"]
[Black "Huzman, Alexander"]
[Result "0-1"]
[WhiteElo "2040"]
[BlackElo "2526"]
[PlyCount "58"]
[EventDate "2023.10.01"]
[EventType "team-swiss"]
[EventRounds "7"]
[EventCountry "ALB"]
[SourceTitle "EXT 2024"]
[Source "ChessBase"]
[SourceDate "2023.10.10"]
[SourceVersion "1"]
[SourceVersionDate "2023.10.10"]
[SourceQuality "1"]
[WhiteTeam "Lunds"]
[BlackTeam "Beer Sheva"]
[WhiteTeamCountry "SWE"]
[BlackTeamCountry "ISR"]

1. d4 Nf6 2. Bf4 d5 3. e3 c5 4. c3 Qb6 5. Qb3 c4 6. Qc2 g6 7. h3 Bf5 8. Qc1 Nc6 9. Nf3 Bg7 10. Nbd2 0-0 11. Be2 Nd7 12. e4 dxe4 13. Nxc4 Qd8 14. Nfe5 Ncxe5 15. Nxe5 Nxe5 16. Bxe5 Bxe5 17. dxe5 Qd5 18. Qf4 Rac8 19. g4 Be6 20. f3 exf3 21. Bxf3 Qb5 22. Rh2 Rfd8 23. h4 Rc4 24. Qg3 Rd3 25. h5 Rxg4 26. Qf2 Rxf3 27. Qxf3 Rg1+ 28. Kf2 Rxa1 29. c4 Qxb2+ 0-1

[Event "EU-ch Rapid"]
[Site "Katowice"]
[Date "2022.12.18"]
[Round "10"]
[White "Hunt, Harriet"]
[Black "Huzman, Alexander"]
[Result "0-1"]
[WhiteElo "2348"]
[BlackElo "2526"]
[PlyCount "132"]
[EventDate "2022.12.17"]
[EventType "swiss (rapid)"]
[EventRounds "11"]
[EventCountry "POL"]
[SourceTitle "CBM 211 Extra"]
[Source "ChessBase"]
[SourceDate "2023.01.31"]
[SourceVersion "1"]
[SourceVersionDate "2023.01.31"]
[SourceQuality "1"]

1. e4 e6 2. d4 d5 3. Nd2 c5 4. Ngf3 cxd4 5. Nxd4 Nc6 6. Bb5 Bd7 7. Bxc6 bxc6 8. 0-0 Ne7 9. c4 Qc7 10. cxd5 cxd5 11. Qe2 dxe4 12. Nxe4 Nd5 13. Bd2 Be7 14. Rac1 Qb6 15. Nb3 0-0 16. Rfd1 Ba4 17. Ba5 Qb7 18. Qf3 Bxb3 19. axb3 Qb5 20. Bc7 Nf6 21. Ng3 Rac8 22. h3 Bc5 23. Bf4 Bb6 24. Bd6 Rfe8 25. Ne2 h6 26. Bf4 Rxc1 27. Rxc1 Qd5 28. Qxd5 Nxd5 29. Be5 Rd8 30. Rd1 f6 31. Bg3 Rc8 32. Rd2 Kf7 33. h4 g5 34. hxg5 hxg5 35. Bd6 Rc6 36. Bg3 a6 37. Nd4 Bxd4 38. Rxd4 Rb6 39. Rd3 Rb5 40. Kf1 e5 41. f3 Ke6 42. Be1 f5 43. Bd2 f4 44. Ke2 Kf5 45. Bc3 e4 46. fxe4+ Kxe4 47. Rd4+ Kf5 48. Bd2 Ke5 49. Rd3 Ke4 50. Rh3 g4 51. Rd3 Rb7 52. b4 Nxb4 53. Rb3 a5 54. Ra3 Rb5 55. Rc3 Nd5 56. Rc4+ Ke5 57. Ra4 Nb4 58. Ra1 Kf5 59. Bc3 Ke4 60. Rf1 Nd5 61. Bg7 Rb7 62. Bh8 Rh7 63. Bc3 Nxc3+ 64. bxc3 Rh2 65. Kf2 f3 66. Re1+ Kf4 0-1

[Event "EU-ch Rapid"]
[Site "Katowice"]
[Date "2022.12.18"]
[Round "11"]
[White "Huzman, Alexander"]
[Black "Lagarde, Maxime"]
[Result "0-1"]
[WhiteElo "2526"]
[BlackElo "2584"]
[PlyCount "56"]
[EventDate "2022.12.17"]
[EventType "swiss (rapid)"]
[EventRounds "11"]
[EventCountry "POL"]
[SourceTitle "CBM 211 Extra"]
[Source "ChessBase"]
[SourceDate "2023.01.31"]
[SourceVersion "1"]
[SourceVersionDate "2023.01.31"]
[SourceQuality "1"]

1. Nf3 f5 2. g3 Nf6 3. Bg2 g6 4. 0-0 Bg7 5. d4 0-0 6. b3 b6 7. Ne5 Ne4 8. Bb2 Bb7 9. e3 d6 10. Nd3 c5 11. c4 e6 12. Qc2 cxd4 13. exd4 Nc6 14. Nf4 Qd7 15. Rd1 d5 16. Na3 Rac8 17. Qe2 Rfe8 18. Rac1 Ba6 19. Nb5 Bxb5 20. cxb5 Nxd4 21. Bxd4 Rxc1 22. Rxc1 Bxd4 23. Bxe4 fxe4 24. Rc6 Qf7 25. h4 e5 26. Nh3 Rf8 27. b4 Qf5 28. g4 Qd7 0-1

[Event "EU-ch Rapid"]
[Site "Katowice"]
[Date "2022.12.17"]
[Round "6"]
[White "Brilej, Jaka"]
[Black "Huzman, Alexander"]
[Result "0-1"]
[WhiteElo "2336"]
[BlackElo "2526"]
[PlyCount "258"]
[EventDate "2022.12.17"]
[EventType "swiss (rapid)"]
[EventRounds "11"]
[EventCountry "POL"]
[SourceTitle "CBM 211 Extra"]
[Source "ChessBase"]
[SourceDate "2023.01.31"]
[SourceVersion "1"]
[SourceVersionDate "2023.01.31"]
[SourceQuality "1"]

1. d4 Nf6 2. c4 c6 3. Nc3 d5 4. cxd5 cxd5 5. Bf4 Nc6 6. e3 a6 7. Be2 e6 8. Nf3 Be7 9. 0-0 0-0 10. h3 Bd7 11. Rc1 Qa5 12. a3 Rfc8 13. Nd2 Qd8 14. b4 Na7 15. Qb3 Nb5 16. Ndb1 Nd6 17. Bxd6 Bxd6 18. Na4 Bb5 19. Nbc3 Bc4 20. Bxc4 dxc4 21. Qc2 a5 22. bxa5 Rxa5 23. Rb1 Qe7 24. Nb6 Rc6 25. d5 exd5 26. Rfd1 Qe6 27. Qd2 Rxb6 28. Rxb6 Bh2+ 29. Kxh2 Qxb6 30. a4 h6 31. Rb1 Qc6 32. Qd4 Ra8 33. g3 Ra6 34. Rb5 Qc7 35. Nxd5 Nxd5 36. Rxd5 Rf6 37. Rd8+ Kh7 38. Qe4+ g6 39. Rd2 Re6 40. Qd4 c3 41. Rc2 Rc6 42. Qf4 Qd7 43. Qd4 Qf5 44. e4 Qf3 45. h4 g5 46. e5 gxh4 47. Qxh4 Qd3 48. Qf4 Kg8 49. Qc1 Qf3 50. Qb1 Qf5 51. Rc1 c2 52. Qxb7 Qxf2+ 53. Kh3 Qf5+ 54. Kh2 Rc3 55. Qg2 Qh5+ 56. Qh3 Qe2+ 57. Qg2 Qh5+ 58. Qh3 Qxe5 59. Qg4+ Kh8 60. Qh4 Kh7 61. Qg4 h5 62. Qf4 Qxf4 63. gxf4 Kg6 64. a5 Kf5 65. a6 Ra3 66. Rxc2 Rxa6 67. Rc5+ Kg4 68. Rg5+ Kh4 69. Rf5 f6 70. Rb5 Kg4 71. f5 Ra2+ 72. Kg1 Ra4 73. Kg2 Rf4 74. Rb3 Rxf5 75. Rg3+ Kh4 76. Rh3+ Kg5 77. Rg3+ Kh6 78. Ra3 Rb5 79. Rf3 Kg6 80. Ra3 f5 81. Ra8 Kg5 82. Rg8+ Kf4 83. Rh8 Rb2+ 84. Kh3 Rb1 85. Kg2 Rb2+ 86. Kh3 Rb1 87. Kg2 Kg4 88. Rg8+ Kh4 89. Rf8 Rb5 90. Rg8 Rb3 91. Rf8 Kg4 92. Rg8+ Kf4 93. Rh8 Rg3+ 94. Kh2 Rg5 95. Kh3 Kf3 96. Ra8 Rg1 97. Ra3+ Kf4 98. Ra4+ Kg5 99. Ra8 Rh1+ 100. Kg2 Rh4 101. Kf3 Rf4+ 102. Kg2 Re4 103. Rg8+ Kf6 104. Rh8 h4 105. Kh3 Ke5 106. Ra8 Rg4 107. Ra5+ Kf4 108. Ra8 Rg1 109. Kh2 Rg3 110. Rh8 Kg4 111. Rg8+ Kf3 112. Rh8 Rg2+ 113. Kh3 Rg1 114. Kh2 Rg4 115. Ra8 Re4 116. Kh3 Kf2 117. Ra2+ Re2 118. Ra4 Re3+ 119. Kh2 Re4 120. Ra2+ Re2 121. Ra3 f4 122. Ra4 f3 123. Kh3 Re1 124. Kh2 Kf1 125. Ra3 f2 126. Ra2 Re3 127. Ra1+ Ke2 128. Ra2+ Kf3 129. Ra4 f1R 0-1

[Event "EU-Cup 37th"]
[Site "Mayrhofen"]
[Date "2022.10.08"]
[Round "6.5"]
[White "Movsesian, Sergei"]
[Black "Huzman, Alexander"]
[Result "1-0"]
[WhiteElo "2619"]
[BlackElo "2535"]
[PlyCount "65"]
[EventDate "2022.10.03"]
[EventType "team-swiss"]
[EventRounds "7"]
[EventCountry "AUT"]
[SourceTitle "CBM 210 Extra"]
[Source "ChessBase"]
[SourceDate "2022.11.30"]
[SourceVersion "1"]
[SourceVersionDate "2022.11.30"]
[SourceQuality "1"]
[WhiteTeam "Asnieres"]
[BlackTeam "Beer Sheva"]
[WhiteTeamCountry "FRA"]
[BlackTeamCountry "ISR"]

1. e4 e5 2. Nf3 Nf6 3. Nxe5 d6 4. Nf3 Nxe4 5. d4 d5 6. Bd3 Nc6 7. 0-0 Be7 8. Nbd2 Bf5 9. Re1 Nd6 10. Nf1 0-0 11. Bf4 Bxd3 12. Qxd3 Bf6 13. Ne3 Ne7 14. Be5 Ne8 15. h4 c6 16. h5 h6 17. Ng4 Bxe5 18. Rxe5 Qd7 19. Nfh2 f6 20. Qh3 Rd8 21. Re2 Nd6 22. Rae1 Nef5 23. c3 Rfe8 24. Nf1 Kf8 25. Rxe8+ Rxe8 26. Rxe8+ Qxe8 27. Nge3 Qc8 28. Qh2 Ke7 29. Qf4 Qe6 30. f3 Nxe3 31. Nxe3 Kd7 32. Kf2 Ke7 33. g4 1-0

[Event "EU-Cup 37th"]
[Site "Mayrhofen"]
[Date "2022.10.07"]
[Round "5.5"]
[White "Huzman, Alexander"]
[Black "Borhy, Marcell Boldizsar"]
[Result "1/2-1/2"]
[WhiteElo "2535"]
[BlackElo "2400"]
[PlyCount "86"]
[EventDate "2022.10.03"]
[EventType "team-swiss"]
[EventRounds "7"]
[EventCountry "AUT"]
[SourceTitle "CBM 210 Extra"]
[Source "ChessBase"]
[SourceDate "2022.11.30"]
[SourceVersion "1"]
[SourceVersionDate "2022.11.30"]
[SourceQuality "1"]
[WhiteTeam "Beer Sheva"]
[BlackTeam "Dunajska Streda"]
[WhiteTeamCountry "ISR"]
[BlackTeamCountry "SVK"]

1. Nf3 d5 2. g3 Bg4 3. Bg2 Nd7 4. 0-0 e6 5. d3 Bd6 6. c4 c6 7. Nc3 Ngf6 8. h3 Bxf3 9. exf3 0-0 10. f4 dxc4 11. dxc4 Qc7 12. Qc2 Rfe8 13. Rb1 a5 14. a3 e5 15. f5 Nb6 16. Bg5 Be7 17. Bxf6 Bxf6 18. c5 Nd7 19. b4 axb4 20. axb4 Rad8 21. Ne4 Be7 22. Rfe1 Nf6 23. Nxf6+ Bxf6 24. b5 e4 25. Rxe4 Bd4 26. Rd1 Rxe4 27. Qxe4 Bxc5 28. Rxd8+ Qxd8 29. bxc6 bxc6 30. Qxc6 Qd6 31. Qa8+ Qf8 32. Qa2 g6 33. Be4 Qd6 34. Kg2 Qe5 35. Qc2 Kg7 36. h4 Qd4 37. Qe2 Qe5 38. Qf3 Be7 39. Kh3 Qf6 40. Bd3 Bd8 41. Qd5 Be7 42. f4 Qd6 43. Qc4 Qc5 1/2-1/2

[Event "Prague op"]
[Site "Prague"]
[Date "2022.06.14"]
[Round "6"]
[White "Huzman, Alexander"]
[Black "Mladek, Richard"]
[Result "0-1"]
[WhiteElo "2539"]
[BlackElo "2361"]
[PlyCount "72"]
[EventDate "2022.06.10"]
[EventType "swiss"]
[EventRounds "9"]
[EventCountry "CZE"]
[SourceTitle "CBM 208 Extra"]
[Source "ChessBase"]
[SourceDate "2022.07.31"]
[SourceVersion "1"]
[SourceVersionDate "2022.07.31"]
[SourceQuality "1"]

1. Nf3 d5 2. d4 e6 3. c4 Nf6 4. Nc3 c5 5. cxd5 exd5 6. g3 Nc6 7. Bg2 cxd4 8. Nxd4 Bc5 9. Nb3 Bb6 10. 0-0 d4 11. Na4 0-0 12. Re1 Re8 13. Bg5 h6 14. Nxb6 axb6 15. Bxc6 bxc6 16. Bxf6 Qxf6 17. Qxd4 Qd8 18. Qc3 c5 19. Rad1 Qc7 20. Nc1 Ba6 21. f3 Re7 22. Kf2 Rae8 23. Rd2 h5 24. Rd5 h4 25. e4 Qc8 26. Rh5 Rd8 27. gxh4 Qh3 28. Kg1 Rxe4 29. fxe4 Qg4+ 30. Qg3 Qxh5 31. Qg5 Qxg5+ 32. hxg5 Rd2 33. b3 Kf8 34. a3 g6 35. b4 cxb4 36. axb4 Bc4 0-1

[Event "Prague op"]
[Site "Prague"]
[Date "2022.06.12"]
[Round "4"]
[White "Huzman, Alexander"]
[Black "Costa, Leonardo"]
[Result "1-0"]
[WhiteElo "2539"]
[BlackElo "2325"]
[PlyCount "89"]
[EventDate "2022.06.10"]
[EventType "swiss"]
[EventRounds "9"]
[EventCountry "CZE"]
[SourceTitle "CBM 208 Extra"]
[Source "ChessBase"]
[SourceDate "2022.07.31"]
[SourceVersion "1"]
[SourceVersionDate "2022.07.31"]
[SourceQuality "1"]

1. Nf3 Nf6 2. c4 e6 3. d4 d5 4. g3 Be7 5. Bg2 0-0 6. 0-0 dxc4 7. Qc2 a6 8. a4 Bd7 9. Qxc4 Bc6 10. Bf4 Bd6 11. Qc1 Nbd7 12. Nc3 Rb8 13. Re1 b5 14. Rd1 b4 15. Nb1 Bxf3 16. Bxf3 Qe7 17. a5 Bxf4 18. Qxf4 c5 19. Nd2 Rfc8 20. Rac1 e5 21. dxe5 Nxe5 22. Nc4 Nxf3+ 23. Qxf3 Rd8 24. Qe3 Kf8 25. Qxe7+ Kxe7 26. f3 Rxd1+ 27. Rxd1 Rd8 28. Rxd8 Kxd8 29. Kf2 Ke7 30. e4 Nd7 31. Ke3 f6 32. f4 Ke6 33. Kd3 h6 34. Ne3 h5 35. Kc4 g6 36. Nd5 g5 37. Nb6 gxf4 38. Nxd7 Kxd7 39. gxf4 Kd6 40. h4 Kc6 41. e5 f5 42. e6 Kd6 43. e7 Kxe7 44. Kxc5 Ke6 45. b3 1-0

[Event "EU-Cup 36th"]
[Site "Struga"]
[Date "2021.09.19"]
[Round "2.7"]
[White "Zlatkov, Anton"]
[Black "Huzman, Alexander"]
[Result "0-1"]
[WhiteElo "2132"]
[BlackElo "2547"]
[PlyCount "46"]
[EventDate "2021.09.18"]
[EventType "team-swiss"]
[EventRounds "7"]
[EventCountry "MKD"]
[SourceTitle "CBM 204 Extra"]
[Source "ChessBase"]
[SourceDate "2021.11.30"]
[SourceVersion "1"]
[SourceVersionDate "2021.11.30"]
[SourceQuality "1"]
[WhiteTeam "Gambit Asseco See"]
[BlackTeam "Beer Sheva"]
[WhiteTeamCountry "MKD"]
[BlackTeamCountry "ISR"]

1. e4 c6 2. d4 d5 3. exd5 cxd5 4. c4 Nf6 5. Nc3 g6 6. Qb3 Bg7 7. cxd5 0-0 8. Be2 Na6 9. Bf3 Qb6 10. Qxb6 axb6 11. Bf4 Nb4 12. Kd2 Rd8 13. Bc7 Rd7 14. Bxb6 Nfxd5 15. Nxd5 Nxd5 16. Bxd5 Rxd5 17. Nf3 Rb5 18. Bc5 Rxb2+ 19. Ke3 Bh6+ 20. Kd3 Rxf2 21. Bxe7 Bf5+ 22. Kc3 Rc8+ 23. Kb3 Be6+ 0-1

[Event "EU-Cup Online Play-A"]
[Site "Tornelo INT"]
[Date "2021.03.29"]
[Round "2.2"]
[White "Wieczorek, Oskar"]
[Black "Huzman, Alexander"]
[Result "1/2-1/2"]
[WhiteElo "2498"]
[BlackElo "2561"]
[PlyCount "105"]
[EventDate "2021.03.29"]
[EventType "team-tourn (rapid)"]
[EventRounds "5"]
[EventCountry "NET"]
[SourceTitle "CBM 201 Extra"]
[Source "ChessBase"]
[SourceDate "2021.05.31"]
[SourceVersion "1"]
[SourceVersionDate "2021.05.31"]
[SourceQuality "1"]
[WhiteTeam "Wroclaw Polonia"]
[BlackTeam "Beer Sheva"]
[WhiteTeamCountry "POL"]
[BlackTeamCountry "ISR"]

1. e4 e6 2. d4 d5 3. Nd2 c5 4. exd5 Qxd5 5. dxc5 Qxc5 6. Ngf3 Nf6 7. Bd3 Nbd7 8. 0-0 Qc7 9. Nb3 Be7 10. Qe2 0-0 11. Bg5 b6 12. Rfe1 Bb7 13. Rad1 a6 14. Bh4 Bd6 15. Bg3 Bxg3 16. hxg3 Rfe8 17. Ne5 Nxe5 18. Qxe5 Qxe5 19. Rxe5 Red8 20. Ree1 Kf8 21. f3 h5 22. c3 Bd5 23. Nd4 b5 24. a3 Nd7 25. Kf2 Nb6 26. Rd2 Rac8 27. Red1 Ke7 28. Re1 g6 29. f4 Kf6 30. Be2 Bc4 31. Bf3 Bd5 32. Be2 Na4 33. Bd1 Nc5 34. Bc2 Nb7 35. Bd3 Nd6 36. Ree2 Bb7 37. Re1 Rc5 38. Red1 g5 39. Nf3 gxf4 40. gxf4 Bxf3 41. Kxf3 Rd5 42. Be2 Nc4 43. Rxd5 Rxd5 44. Rxd5 exd5 45. Bxc4 bxc4 46. g4 Kg6 47. Kg3 hxg4 48. Kxg4 f5+ 49. Kh4 Kh6 50. Kg3 Kg6 51. Kh4 Kh6 52. Kg3 Kg6 53. Kh4 1/2-1/2